Still more games trainers play : experiential learning exercises
| Main Author: | |
|---|---|
| Other Authors: | |
| Format: | Book |
| Published: |
New York :
McGraw-Hill ,
1991
|
| Subjects: |
MARC
| LEADER | 00000cam a2200000 7i4500 | ||
|---|---|---|---|
| 001 | 0000001806 | ||
| 005 | 20050506.0 | ||
| 020 | |a 0070464278 | ||
| 040 | |a INS | ||
| 090 | 0 | 0 | |a HM133. |b S314 1991 |
| 100 | 1 | |a Scannell, Edward E. | |
| 245 | 1 | 0 | |a Still more games trainers play : |b experiential learning exercises |c Edward E.Scannell |
| 260 | |a New York : |b McGraw-Hill , |c 1991 | ||
| 300 | |a 311p. ; |c 28 cm. | ||
| 650 | 0 | 0 | |a Educational games |
| 650 | 0 | 0 | |a Experiential learning |x problems,exercises,etc |
| 700 | 1 | |a Newstorm, John W. | |
| 999 | |a 0000004927 |b BOOK |c Open Shelf |e Default branch | ||